00946nam 22002173 4500001000700000090001100007100004100018200016100059210002800220215002800248300011600276606007800392675001600470700002600486702003700512702002800549801001800577830002900595990001100624995009300635202756 a202756 a20240823d u||y0pory50 ba aMéditations Cartésiennesfintroduction a la phénoménologie par Edmund Husserlgtraduit de l'allemand par Mlle Gabrielle Peiffer, M. Emmanuel Levinas aPariscLibrairie d1953 a136 p.cbrochadod22 cm aLivro impresso em Língua Francesa Contém vária anotações do Prof. Dr. Almeida Faria ao longo do livro aFilosofia da mente e do espírito. Metafísica da vida espiritual97904 a13vFRzfra 98313aHusserlbEdmund 917635aPeifferbMlle Gabrielle  98326aLevinasbEmmanuel aPTbBMMNgRPC cAna FalardofAna Falardo cLIVROS 002052026-06-25932555bBMMNf32267k13 HUS|SAFo0rLIVROSuAcesso CondicionadosOferta